Εκπαιδευτική ελληνική εγκυκλοπαίδεια : θεματική - αλφαβητική.
Αποθηκεύτηκε σε:
| Μορφή: | Βιβλίο |
|---|---|
| Γλώσσα: | Greek |
| Δημοσίευση: |
Αθήνα :
Εκδοτική Αθηνών,
1983-1999.
|
| Θέματα: | |
| Ετικέτες: |
Προσθήκη ετικέτας
Δεν υπάρχουν, Καταχωρήστε ετικέτα πρώτοι!
|
MARC
| LEADER | 00000cam a2200000 i 4500 | ||
|---|---|---|---|
| 001 | 1/107455 | ||
| 008 | 991027m19831999gr | ||| |||| ||gre|| | ||
| 020 | |a 9602131136 |q (τ. 1) | ||
| 020 | |a 9602131144 |q (τ. 2) | ||
| 020 | |a 9602131152 |q (τ. 3) | ||
| 020 | |a 9602131160 |q (τ. 4) | ||
| 020 | |a 9602131179 |q (τ. 5) | ||
| 020 | |a 9602131187 |q (τ. 6) | ||
| 020 | |a 9602131195 |q (τ. 7) | ||
| 020 | |a 9602131217 |q (τ. 8, 9, 9Α, 9Β) | ||
| 020 | |a 9602131209 |q (τ. 8) | ||
| 020 | |a 9602131247 |q (τ. 10) | ||
| 020 | |a 9602131225 |q (τ. 10) | ||
| 020 | |a 960213125X |q (τ. 11) | ||
| 020 | |a 9602131233 |q (τ. 12) | ||
| 020 | |a 9602133805 |q (τ. 13) | ||
| 020 | |a 9602132396 |q (τ. 14) | ||
| 020 | |a 9602132388 |q (τ. 15) | ||
| 020 | |a 9602133058 |q (τ. 16) | ||
| 020 | |a 9602132728 |q (τ. 17) | ||
| 020 | |a 9602132876 |q (τ. 18Α) | ||
| 020 | |a 9602132884 |q (τ. 18Β) | ||
| 020 | |a 9602133376 |q (τ. 19) | ||
| 020 | |a 9602131624 |q (τ. 20) | ||
| 020 | |a 960213240X |q (τ. 21) | ||
| 020 | |a 960213-627 |q (τ. 22) | ||
| 020 | |a 9602131268 |q (τ. 23) | ||
| 020 | |a 9602131276 |q (τ. 24) | ||
| 020 | |a 9602132604 |q (τ. 25) | ||
| 020 | |a 9602133619 |q (τ. 26) | ||
| 020 | |a 9602133848 |q (τ. 27) | ||
| 020 | |a 9602133856 |q (τ. 28) | ||
| 020 | |a 9602131128 |q (σετ) | ||
| 035 | |a 1993 |b 3 |c Βιβλιοθήκη |l 10033810 | ||
| 035 | |a 1993 |b 3 |c Φωτίου | ||
| 035 | |a 1995 |b 1 |c Βιβλιοθήκη | ||
| 035 | |a 1996 |b 1 |c Βιβλιοθήκη | ||
| 035 | |a 1993 | ||
| 035 | |l 10008420 | ||
| 035 | |l 10054013 | ||
| 035 | |l 10113533 | ||
| 040 | |a GR-MyUa |b gre |e AACR2 | ||
| 041 | 0 | |a gre | |
| 082 | 7 | |a 030 |2 (21) | |
| 082 | 7 | |a 039.89 |2 (22) | |
| 082 | 7 | |a 709 |2 (22) | |
| 245 | 0 | 0 | |a Εκπαιδευτική ελληνική εγκυκλοπαίδεια : |b θεματική - αλφαβητική. |
| 260 | |a Αθήνα : |b Εκδοτική Αθηνών, |c 1983-1999. | ||
| 300 | |a 28 τ. σε 30 : |b εικ., φωτογρ. ; |c 29 εκ. | ||
| 500 | |a Η έκδοση του 1999 έχει ως τόμο 10 τον τόμο 9Β της έκδοσης του 1991. | ||
| 500 | |a Το Παράρτημα Βιβλιοθήκης Ρόδου έχει τους τόμους 1 έως 10 του Παγκόσμιου Βιογραφικού Λεξικού (Εκπαιδευτική Εγκυκλοπαίδεια) των εκδόσεων Εκδοτική Αθηνών, 1999. | ||
| 504 | |a Περιέχει ευρετήρια. | ||
| 505 | 8 | |a Τ. 1-9Β. Παγκόσμιο βιογραφικό λεξικό -- τ. 10. Φυτολογία -- τ. 11. Ζωολογία -- τ. 12. Γενική βιολογία -- τ. 13. Ιατρική και υγεία -- τ. 14-15. Μαθηματικά-Φυσική-Χημεία -- τ. 16. Επιστήμες της γης και του διαστήματος -- τ. 17-18A-18B. Παγκόσμια γεωργαφία -- τ. 19. Τεχνολογία και πληροφορική -- τ. 20. Παγκόσμια μυθολογία -- τ. 21. Οι θρησκείες -- τ. 22. Φιλοσοφία και κοινωνικές επιστήμες -- τ. 23-24. Παγκόσμια ιστορία Α & Β -- τ. 25. Ελληνική ιστορία -- τ. 26. Παγκόσμια λογοτεχνία -- τ. 27. Παγκόσμια τέχνη -- τ. 28. Θέατρο-Κινηματογράφος-Μουσική-Χορός. | |
| 505 | 8 | |a Τ. 1-10. Παγκόσμιο βιογραφικό λεξικό. | |
| 650 | 0 | |a Encyclopedias and dictionaries, Greek. | |
| 650 | 0 | 0 | |a Botany |x Encyclopedias. |
| 650 | 0 | 0 | |a Zoology |x Encyclopedias. |
| 650 | 0 | 0 | |a Biology |x Encyclopedias. |
| 650 | 0 | 0 | |a Medicine |x Encyclopedias. |
| 650 | 0 | 0 | |a Mathematics |x Encyclopedias. |
| 650 | 0 | 0 | |a Physics |x Encyclopedias. |
| 650 | 0 | 0 | |a Chemistry |x Encyclopedias. |
| 650 | 0 | 0 | |a Earth sciences |x Encyclopedias. |
| 650 | 0 | 0 | |a Space sciences |x Encyclopedias. |
| 650 | 0 | 0 | |a Geography |x Encyclopedias. |
| 650 | 0 | 0 | |a Computer science |x Encyclopedias. |
| 650 | 0 | 0 | |a Mythology |x Encyclopedias. |
| 650 | 0 | 0 | |a Religions |x Encyclopedias. |
| 650 | 0 | 0 | |a Philosophy |x Encyclopedias. |
| 650 | 0 | 0 | |a World history |x Encyclopedias. |
| 650 | 0 | 0 | |a Social sciences |x Encyclopedias. |
| 650 | 0 | 0 | |a Literature |x Encyclopedias. |
| 650 | 0 | 0 | |a Architecture |x Dictionaries. |
| 650 | 0 | 0 | |a Architecture |x Encyclopedias. |
| 650 | 0 | 0 | |a Art |x Encyclopedias. |
| 650 | 0 | 0 | |a Music |x Encyclopedias. |
| 650 | 0 | 0 | |a Dance |x Encyclopedias. |
| 650 | 0 | 0 | |a Theater |x Dictionaries. |
| 650 | 0 | 0 | |a Theater |x Encyclopedias. |
| 650 | 0 | 0 | |a Cinematography |x Encyclopedias. |
| 650 | 0 | 0 | |a Encyclopedias and dictionaries |x Biography. |
| 650 | 0 | 0 | |a Biography. |
| 651 | 0 | |a Greece |x History |x Encyclopedias. | |
| 852 | |a INST |b CHIOS |e 20050321 |h 030 ΕΚΠ |p 005200021775 |q 005200021775 |t REF |y 23 |z τ.12 | ||
| 852 | |a INST |b CHIOS |e 20220909 |h 030 ΕΚΠ |p 005200031996 |q 005200031996 |t REF |y 23 | ||
| 852 | |a INST |b CHIOS |e 20050321 |h 030 ΕΚΠ |p 005200021775 |q 005200021775 |t REF |v τ.12: |y 23 |z τ.12 | ||
| 852 | |a INST |b CHIOS |e 20220909 |h 030 ΕΚΠ |p 005200031996 |q 005200031996 |t REF |v τ.27: |y 23 | ||
| 852 | |a INST |b LEMNOS |e 20130122 |h 709 ΕΚΠ |p 005600000428 |q 005600000428 |t REF |v τομ.27: |y 23 | ||
| 852 | |a INST |b LESVOS |e 20220913 |h 039.89 ΕΚΠ |p 005100018893 |q 005100018893 |t REF |v τ.28: |y 23 | ||
| 852 | |a INST |b LESVOS |e 20220913 |h 039.89 ΕΚΠ |p 005100018894 |q 005100018894 |t REF |v τ.27: |y 23 | ||
| 852 | |a INST |b LESVOS |e 20220913 |h 039.89 ΕΚΠ |p 005100018895 |q 005100018895 |t REF |v τ.26: |y 23 | ||
| 852 | |a INST |b LESVOS |e 20220913 |h 039.89 ΕΚΠ |p 005100018896 |q 005100018896 |t REF |v τ.25: |y 23 | ||
| 852 | |a INST |b LESVOS |e 20220913 |h 039.89 ΕΚΠ |p 005100018897 |q 005100018897 |t REF |v τ.23: |y 23 | ||
| 852 | |a INST |b LESVOS |e 20220913 |h 039.89 ΕΚΠ |p 005100018898 |q 005100018898 |t REF |v τ.22: |y 23 | ||
| 852 | |a INST |b LESVOS |e 20220913 |h 039.89 ΕΚΠ |p 005100018899 |q 005100018899 |t REF |v τ.21: |y 23 | ||
| 852 | |a INST |b LESVOS |e 20220913 |h 039.89 ΕΚΠ |p 005100018900 |q 005100018900 |t REF |v τ.20: |y 23 | ||
| 852 | |a INST |b LESVOS |e 20220913 |h 039.89 ΕΚΠ |p 005100018901 |q 005100018901 |t REF |v τ.19: |y 23 | ||
| 852 | |a INST |b LESVOS |e 20220913 |h 039.89 ΕΚΠ |p 005100018902 |q 005100018902 |t REF |v τ.16: |y 23 | ||
| 852 | |a INST |b LESVOS |e 20220913 |h 039.89 ΕΚΠ |p 005100018903 |q 005100018903 |t REF |v τ.15: |y 23 | ||
| 852 | |a INST |b LESVOS |e 20220913 |h 039.89 ΕΚΠ |p 005100018904 |q 005100018904 |t REF |v τ.14: |y 23 | ||
| 852 | |a INST |b LESVOS |e 20220913 |h 039.89 ΕΚΠ |p 005100018905 |q 005100018905 |t REF |v τ.13: |y 23 | ||
| 852 | |a INST |b LESVOS |e 20220913 |h 039.89 ΕΚΠ |p 005100018906 |q 005100018906 |t REF |v τ.12: |y 23 | ||
| 852 | |a INST |b LESVOS |e 20220913 |h 039.89 ΕΚΠ |p 005100018907 |q 005100018907 |t REF |v τ.11: |y 23 | ||
| 852 | |a INST |b LESVOS |e 20220913 |h 039.89 ΕΚΠ |p 005100018908 |q 005100018908 |t REF |v τ.10: |y 23 | ||
| 852 | |a INST |b LESVOS |e 20220913 |h 039.89 ΕΚΠ |p 005100022721 |q 005100022721 |t REF |v τ.13: |y 23 | ||
| 852 | |a INST |b LESVOS |e 20220913 |h 039.89 ΕΚΠ |p 005100023000 |q 005100023000 |t REF |v τ.9B: |y 23 | ||
| 852 | |a INST |b LESVOS |e 19931222 |h 039.89 ΕΚΠ |p 005100023001 |q 005100023001 |t REF |v τ.9A: |y 23 |z vol.9A | ||
| 852 | |a INST |b LESVOS |e 19931222 |h 039.89 ΕΚΠ |p 005100023002 |q 005100023002 |t REF |v τ.8: |y 23 |z vol.8 | ||
| 852 | |a INST |b LESVOS |e 19931222 |h 039.89 ΕΚΠ |p 005100023003 |q 005100023003 |t REF |v τ.7: |y 23 |z vol.7 | ||
| 852 | |a INST |b LESVOS |e 19931222 |h 039.89 ΕΚΠ |p 005100023004 |q 005100023004 |t REF |v τ.6: |y 23 |z vol.6 | ||
| 852 | |a INST |b LESVOS |e 19931222 |h 039.89 ΕΚΠ |p 005100023005 |q 005100023005 |t REF |v τ.5: |y 23 |z vol.5 | ||
| 852 | |a INST |b LESVOS |e 19931222 |h 039.89 ΕΚΠ |p 005100023006 |q 005100023006 |t REF |v τ.4: |y 23 |z vol.4 | ||
| 852 | |a INST |b LESVOS |e 19931222 |h 039.89 ΕΚΠ |p 005100023007 |q 005100023007 |t REF |v τ.3: |y 23 |z vol.3 | ||
| 852 | |a INST |b LESVOS |e 19931222 |h 039.89 ΕΚΠ |p 005100023008 |q 005100023008 |t REF |v τ.2: |y 23 |z vol.2 | ||
| 852 | |a INST |b LESVOS |e 19931222 |h 039.89 ΕΚΠ |p 005100023009 |q 005100023009 |t REF |v τ.1: |y 23 |z vol.1 | ||
| 852 | |a INST |b LESVOS |e 20220913 |h 039.89 ΕΚΠ |p 005100046164 |q 005100046164 |t REF |v τ.27: |y 23 | ||
| 852 | |a INST |b RHODES |e 19960830 |h 030 ΕΚΠ |p 005400007082 |q 005400007082 |t REF |y 23 |z τ.18Α | ||
| 852 | |a INST |b RHODES |e 19960830 |h 030 ΕΚΠ |p 005400007083 |q 005400007083 |t REF |y 23 |z τ.21 | ||
| 852 | |a INST |b RHODES |e 19960830 |h 030 ΕΚΠ |p 005400007084 |q 005400007084 |t REF |y 23 |z τ.16 | ||
| 852 | |a INST |b RHODES |e 19960830 |h 030 ΕΚΠ |p 005400007085 |q 005400007085 |t REF |y 23 |z τ.14 | ||
| 852 | |a INST |b RHODES |e 19960830 |h 030 ΕΚΠ |p 005400007086 |q 005400007086 |t REF |y 23 |z τ.15 | ||
| 852 | |a INST |b RHODES |e 19960830 |h 030 ΕΚΠ |p 005400007087 |q 005400007087 |t REF |y 23 |z τ.11 | ||
| 852 | |a INST |b RHODES |e 19960830 |h 030 ΕΚΠ |p 005400007088 |q 005400007088 |t REF |y 23 |z τ.10 | ||
| 852 | |a INST |b RHODES |e 19960830 |h 030 ΕΚΠ |p 005400007089 |q 005400007089 |t REF |y 23 |z τ.20 | ||
| 852 | |a INST |b RHODES |e 19960830 |h 030 ΕΚΠ |p 005400007091 |q 005400007091 |t REF |y 23 |z τ.12 | ||
| 852 | |a INST |b RHODES |e 19960903 |h 030 ΕΚΠ |p 005400007545 |q 005400007545 |t REF |y 23 |z τ.24 | ||
| 852 | |a INST |b RHODES |e 19960903 |h 030 ΕΚΠ |p 005400007546 |q 005400007546 |t REF |y 23 |z τ.23 | ||
| 852 | |a INST |b RHODES |e 19960903 |h 030 ΕΚΠ |p 005400007547 |q 005400007547 |t REF |y 23 |z τ.17 | ||
| 852 | |a INST |b RHODES |e 19960905 |h 030 ΕΚΠ |p 005400010100 |q 005400010100 |t REF |y 23 |z τ.9Β | ||
| 852 | |a INST |b RHODES |e 19960905 |h 030 ΕΚΠ |p 005400010101 |q 005400010101 |t REF |y 23 |z τ.9Α | ||
| 852 | |a INST |b RHODES |e 19960905 |h 030 ΕΚΠ |p 005400010102 |q 005400010102 |t REF |y 23 |z τ.8 | ||
| 852 | |a INST |b RHODES |e 19960905 |h 030 ΕΚΠ |p 005400010103 |q 005400010103 |t REF |y 23 |z τ.7 | ||
| 852 | |a INST |b RHODES |e 19960905 |h 030 ΕΚΠ |p 005400010104 |q 005400010104 |t REF |y 23 |z τ.6 | ||
| 852 | |a INST |b RHODES |e 19960905 |h 030 ΕΚΠ |p 005400010105 |q 005400010105 |t REF |y 23 |z τ.5 | ||
| 852 | |a INST |b RHODES |e 19960905 |h 030 ΕΚΠ |p 005400010106 |q 005400010106 |t REF |y 23 |z τ.4 | ||
| 852 | |a INST |b RHODES |e 19960905 |h 030 ΕΚΠ |p 005400010107 |q 005400010107 |t REF |y 23 |z τ.3 | ||
| 852 | |a INST |b RHODES |e 19960905 |h 030 ΕΚΠ |p 005400010108 |q 005400010108 |t REF |y 23 |z τ.2 | ||
| 852 | |a INST |b RHODES |e 19960905 |h 030 ΕΚΠ |p 005400010109 |q 005400010109 |t REF |y 23 |z τ.1 | ||
| 852 | |a INST |b RHODES |e 19960830 |h 030 ΕΚΠ |p 005400011473 |q 005400011473 |t REF |y 23 |z τ.19 | ||
| 852 | |a INST |b RHODES |e 20041209 |h 030 ΕΚΠ |p 005400018146 |q 005400018146 |t REF |y 23 |z τ.25 | ||
| 852 | |a INST |b RHODES |e 19960830 |h 030 ΕΚΠ |p 005400027003 |q 005400027003 |t REF |y 23 |z τ.25 | ||
| 852 | |a INST |b RHODES |e 20120312 |h 030 ΕΚΠ |p 005400034142 |q 005400034142 |t REF |y 23 |z τ.27 | ||
| 852 | |a INST |b RHODES |e 20120320 |h 030 ΕΚΠ |p 005400034177 |q 005400034177 |t REF |y 23 |z τ.5 | ||
| 852 | |a INST |b RHODES |e 20120320 |h 030 ΕΚΠ |p 005400034178 |q 005400034178 |t REF |y 23 |z τ.6 | ||
| 852 | |a INST |b RHODES |e 20120320 |h 030 ΕΚΠ |p 005400034179 |q 005400034179 |t REF |y 23 |z τ.4 | ||
| 852 | |a INST |b RHODES |e 20120320 |h 030 ΕΚΠ |p 005400034180 |q 005400034180 |t REF |y 23 |z τ.3 | ||
| 852 | |a INST |b RHODES |e 20120320 |h 030 ΕΚΠ |p 005400034181 |q 005400034181 |t REF |y 23 |z τ.2 | ||
| 852 | |a INST |b RHODES |e 20120320 |h 030 ΕΚΠ |p 005400034182 |q 005400034182 |t REF |y 23 |z τ.1 | ||
| 852 | |a INST |b RHODES |e 20120320 |h 030 ΕΚΠ |p 005400034183 |q 005400034183 |t REF |y 23 |z τ.10 | ||
| 852 | |a INST |b RHODES |e 20120320 |h 030 ΕΚΠ |p 005400034184 |q 005400034184 |t REF |y 23 |z τ.9 | ||
| 852 | |a INST |b RHODES |e 20120320 |h 030 ΕΚΠ |p 005400034185 |q 005400034185 |t REF |y 23 |z τ.8 | ||
| 852 | |a INST |b RHODES |e 20120320 |h 030 ΕΚΠ |p 005400034186 |q 005400034186 |t REF |y 23 |z τ.7 | ||
| 852 | |a INST |b RHODES |e 19960830 |h 030 ΕΚΠ |p 005400007082 |q 005400007082 |t REF |v τ.18Α: |y 23 |z τ.18Α | ||
| 852 | |a INST |b RHODES |e 19960830 |h 030 ΕΚΠ |p 005400007083 |q 005400007083 |t REF |v τ.21: |y 23 |z τ.21 | ||
| 852 | |a INST |b RHODES |e 19960830 |h 030 ΕΚΠ |p 005400007084 |q 005400007084 |t REF |v τ.16: |y 23 |z τ.16 | ||
| 852 | |a INST |b RHODES |e 19960830 |h 030 ΕΚΠ |p 005400007085 |q 005400007085 |t REF |v τ.14: |y 23 |z τ.14 | ||
| 852 | |a INST |b RHODES |e 19960830 |h 030 ΕΚΠ |p 005400007086 |q 005400007086 |t REF |v τ.15: |y 23 |z τ.15 | ||
| 852 | |a INST |b RHODES |e 19960830 |h 030 ΕΚΠ |p 005400007087 |q 005400007087 |t REF |v τ.11: |y 23 |z τ.11 | ||
| 852 | |a INST |b RHODES |e 19960830 |h 030 ΕΚΠ |p 005400007088 |q 005400007088 |t REF |v τ.10: |y 23 |z τ.10 | ||
| 852 | |a INST |b RHODES |e 19960830 |h 030 ΕΚΠ |p 005400007089 |q 005400007089 |t REF |v τ.20: |y 23 |z τ.20 | ||
| 852 | |a INST |b RHODES |e 19960830 |h 030 ΕΚΠ |p 005400007091 |q 005400007091 |t REF |v τ.12: |y 23 |z τ.12 | ||
| 852 | |a INST |b RHODES |e 19960903 |h 030 ΕΚΠ |p 005400007545 |q 005400007545 |t REF |v τ.24: |y 23 |z τ.24 | ||
| 852 | |a INST |b RHODES |e 19960903 |h 030 ΕΚΠ |p 005400007546 |q 005400007546 |t REF |v τ.23: |y 23 |z τ.23 | ||
| 852 | |a INST |b RHODES |e 19960903 |h 030 ΕΚΠ |p 005400007547 |q 005400007547 |t REF |v τ.17: |y 23 |z τ.17 | ||
| 852 | |a INST |b RHODES |e 19960905 |h 030 ΕΚΠ |p 005400010100 |q 005400010100 |t REF |v τ.9Β: |y 23 |z τ.9Β | ||
| 852 | |a INST |b RHODES |e 19960905 |h 030 ΕΚΠ |p 005400010101 |q 005400010101 |t REF |v τ.9Α: |y 23 |z τ.9Α | ||
| 852 | |a INST |b RHODES |e 19960905 |h 030 ΕΚΠ |p 005400010102 |q 005400010102 |t REF |v τ.8: |y 23 |z τ.8 | ||
| 852 | |a INST |b RHODES |e 19960905 |h 030 ΕΚΠ |p 005400010103 |q 005400010103 |t REF |v τ.7: |y 23 |z τ.7 | ||
| 852 | |a INST |b RHODES |e 19960905 |h 030 ΕΚΠ |p 005400010104 |q 005400010104 |t REF |v τ.6: |y 23 |z τ.6 | ||
| 852 | |a INST |b RHODES |e 19960905 |h 030 ΕΚΠ |p 005400010105 |q 005400010105 |t REF |v τ.5: |y 23 |z τ.5 | ||
| 852 | |a INST |b RHODES |e 19960905 |h 030 ΕΚΠ |p 005400010106 |q 005400010106 |t REF |v τ.4: |y 23 |z τ.4 | ||
| 852 | |a INST |b RHODES |e 19960905 |h 030 ΕΚΠ |p 005400010107 |q 005400010107 |t REF |v τ.3: |y 23 |z τ.3 | ||
| 852 | |a INST |b RHODES |e 19960905 |h 030 ΕΚΠ |p 005400010108 |q 005400010108 |t REF |v τ.2: |y 23 |z τ.2 | ||
| 852 | |a INST |b RHODES |e 19960905 |h 030 ΕΚΠ |p 005400010109 |q 005400010109 |t REF |v τ.1: |y 23 |z τ.1 | ||
| 852 | |a INST |b RHODES |e 19960830 |h 030 ΕΚΠ |p 005400011473 |q 005400011473 |t REF |v τ.19: |y 23 |z τ.19 | ||
| 852 | |a INST |b RHODES |e 20041209 |h 030 ΕΚΠ |p 005400018146 |q 005400018146 |t REF |v τ.25: |y 23 |z τ.25 | ||
| 852 | |a INST |b RHODES |e 19960830 |h 030 ΕΚΠ |p 005400027003 |q 005400027003 |t REF |v τ.25: |y 23 |z τ.25 | ||
| 852 | |a INST |b RHODES |e 20120312 |h 030 ΕΚΠ |p 005400034142 |q 005400034142 |t REF |v τ.27: |y 23 |z τ.27 | ||
| 852 | |a INST |b RHODES |e 20120320 |h 030 ΕΚΠ |p 005400034177 |q 005400034177 |t REF |v τ.5: |y 23 |z τ.5 | ||
| 852 | |a INST |b RHODES |e 20120320 |h 030 ΕΚΠ |p 005400034178 |q 005400034178 |t REF |v τ.6: |y 23 |z τ.6 | ||
| 852 | |a INST |b RHODES |e 20120320 |h 030 ΕΚΠ |p 005400034179 |q 005400034179 |t REF |v τ.4: |y 23 |z τ.4 | ||
| 852 | |a INST |b RHODES |e 20120320 |h 030 ΕΚΠ |p 005400034180 |q 005400034180 |t REF |v τ.3: |y 23 |z τ.3 | ||
| 852 | |a INST |b RHODES |e 20120320 |h 030 ΕΚΠ |p 005400034181 |q 005400034181 |t REF |v τ.2: |y 23 |z τ.2 | ||
| 852 | |a INST |b RHODES |e 20120320 |h 030 ΕΚΠ |p 005400034182 |q 005400034182 |t REF |v τ.1: |y 23 |z τ.1 | ||
| 852 | |a INST |b RHODES |e 20120320 |h 030 ΕΚΠ |p 005400034183 |q 005400034183 |t REF |v τ.10: |y 23 |z τ.10 | ||
| 852 | |a INST |b RHODES |e 20120320 |h 030 ΕΚΠ |p 005400034184 |q 005400034184 |t REF |v τ.9: |y 23 |z τ.9 | ||
| 852 | |a INST |b RHODES |e 20120320 |h 030 ΕΚΠ |p 005400034185 |q 005400034185 |t REF |v τ.8: |y 23 |z τ.8 | ||
| 852 | |a INST |b RHODES |e 20120320 |h 030 ΕΚΠ |p 005400034186 |q 005400034186 |t REF |v τ.7: |y 23 |z τ.7 | ||
| 852 | |a INST |b SAMOS |e 19970417 |h 030 ΕΚΠ |p 005300009107 |q 005300009107 |t REF |y 23 |z τ.9B | ||
| 852 | |a INST |b SAMOS |e 19970417 |h 030 ΕΚΠ |p 005300009108 |q 005300009108 |t REF |y 23 |z τ.9A | ||
| 852 | |a INST |b SAMOS |e 19970417 |h 030 ΕΚΠ |p 005300009109 |q 005300009109 |t REF |y 23 |z τ.8 | ||
| 852 | |a INST |b SAMOS |e 19970417 |h 030 ΕΚΠ |p 005300009110 |q 005300009110 |t REF |y 23 |z τ.7 | ||
| 852 | |a INST |b SAMOS |e 19970417 |h 030 ΕΚΠ |p 005300009111 |q 005300009111 |t REF |y 23 |z τ.6 | ||
| 852 | |a INST |b SAMOS |e 19970417 |h 030 ΕΚΠ |p 005300009112 |q 005300009112 |t REF |y 23 |z τ.5 | ||
| 852 | |a INST |b SAMOS |e 19970417 |h 030 ΕΚΠ |p 005300009113 |q 005300009113 |t REF |y 23 |z τ.4 | ||
| 852 | |a INST |b SAMOS |e 19970417 |h 030 ΕΚΠ |p 005300009114 |q 005300009114 |t REF |y 23 |z τ.3 | ||
| 852 | |a INST |b SAMOS |e 19970417 |h 030 ΕΚΠ |p 005300009115 |q 005300009115 |t REF |y 23 |z τ.2 | ||
| 852 | |a INST |b SAMOS |e 19970417 |h 030 ΕΚΠ |p 005300009116 |q 005300009116 |t REF |y 23 |z τ.1 | ||
| 852 | |a INST |b SAMOS |e 20010809 |h 030 ΕΚΠ |p 005300020604 |q 005300020604 |t REF |y 23 |z τ.28 | ||
| 852 | |a INST |b SAMOS |e 20010809 |h 030 ΕΚΠ |p 005300020605 |q 005300020605 |t REF |y 23 |z τ.27 | ||
| 852 | |a INST |b SAMOS |e 20010809 |h 030 ΕΚΠ |p 005300020606 |q 005300020606 |t REF |y 23 |z τ.26 | ||
| 852 | |a INST |b SAMOS |e 20010809 |h 030 ΕΚΠ |p 005300020607 |q 005300020607 |t REF |y 23 |z τ.25 | ||
| 852 | |a INST |b SAMOS |e 20010809 |h 030 ΕΚΠ |p 005300020608 |q 005300020608 |t REF |y 23 |z τ.24 | ||
| 852 | |a INST |b SAMOS |e 20010809 |h 030 ΕΚΠ |p 005300020609 |q 005300020609 |t REF |y 23 |z τ.23 | ||
| 852 | |a INST |b SAMOS |e 20010809 |h 030 ΕΚΠ |p 005300020610 |q 005300020610 |t REF |y 23 |z τ.22 | ||
| 852 | |a INST |b SAMOS |e 20010809 |h 030 ΕΚΠ |p 005300020611 |q 005300020611 |t REF |y 23 |z τ.21 | ||
| 852 | |a INST |b SAMOS |e 20010809 |h 030 ΕΚΠ |p 005300020612 |q 005300020612 |t REF |y 23 |z τ.20 | ||
| 852 | |a INST |b SAMOS |e 20010809 |h 030 ΕΚΠ |p 005300020613 |q 005300020613 |t REF |y 23 |z τ.19 | ||
| 852 | |a INST |b SAMOS |e 20010809 |h 030 ΕΚΠ |p 005300020614 |q 005300020614 |t REF |y 23 |z τ.18Β | ||
| 852 | |a INST |b SAMOS |e 20010809 |h 030 ΕΚΠ |p 005300020615 |q 005300020615 |t REF |y 23 |z τ.18Α | ||
| 852 | |a INST |b SAMOS |e 20010809 |h 030 ΕΚΠ |p 005300020616 |q 005300020616 |t REF |y 23 |z τ.17 | ||
| 852 | |a INST |b SAMOS |e 20010809 |h 030 ΕΚΠ |p 005300020617 |q 005300020617 |t REF |y 23 |z τ.16 | ||
| 852 | |a INST |b SAMOS |e 20010809 |h 030 ΕΚΠ |p 005300020618 |q 005300020618 |t REF |y 23 |z τ.15 | ||
| 852 | |a INST |b SAMOS |e 20010809 |h 030 ΕΚΠ |p 005300020619 |q 005300020619 |t REF |y 23 |z τ.14 | ||
| 852 | |a INST |b SAMOS |e 20010809 |h 030 ΕΚΠ |p 005300020620 |q 005300020620 |t REF |y 23 |z τ.13 | ||
| 852 | |a INST |b SAMOS |e 20010809 |h 030 ΕΚΠ |p 005300020621 |q 005300020621 |t REF |y 23 |z τ.12 | ||
| 852 | |a INST |b SAMOS |e 20010809 |h 030 ΕΚΠ |p 005300020622 |q 005300020622 |t REF |y 23 |z τ.11 | ||
| 852 | |a INST |b SAMOS |e 20010809 |h 030 ΕΚΠ |p 005300020623 |q 005300020623 |t REF |y 23 |z τ.10 | ||
| 852 | |a INST |b SAMOS |e 20010809 |h 030 ΕΚΠ |p 005300020624 |q 005300020624 |t REF |y 23 |z τ.9Β | ||
| 852 | |a INST |b SAMOS |e 20010809 |h 030 ΕΚΠ |p 005300020625 |q 005300020625 |t REF |y 23 |z τ.9A | ||
| 852 | |a INST |b SAMOS |e 20010809 |h 030 ΕΚΠ |p 005300020626 |q 005300020626 |t REF |y 23 |z τ.8 | ||
| 852 | |a INST |b SAMOS |e 20010809 |h 030 ΕΚΠ |p 005300020627 |q 005300020627 |t REF |y 23 |z τ.7 | ||
| 852 | |a INST |b SAMOS |e 20010809 |h 030 ΕΚΠ |p 005300020628 |q 005300020628 |t REF |y 23 |z τ.6 | ||
| 852 | |a INST |b SAMOS |e 20010809 |h 030 ΕΚΠ |p 005300020629 |q 005300020629 |t REF |y 23 |z τ.5 | ||
| 852 | |a INST |b SAMOS |e 20010809 |h 030 ΕΚΠ |p 005300020630 |q 005300020630 |t REF |y 23 |z τ.4 | ||
| 852 | |a INST |b SAMOS |e 20010809 |h 030 ΕΚΠ |p 005300020631 |q 005300020631 |t REF |y 23 |z τ.3 | ||
| 852 | |a INST |b SAMOS |e 20010809 |h 030 ΕΚΠ |p 005300020632 |q 005300020632 |t REF |y 23 |z τ.2 | ||
| 852 | |a INST |b SAMOS |e 20010809 |h 030 ΕΚΠ |p 005300020633 |q 005300020633 |t REF |y 23 |z τ.1 | ||
| 852 | |a INST |b SAMOS |e 19970417 |h 030 ΕΚΠ |p 005300009107 |q 005300009107 |t REF |v τ.9B: |y 23 |z τ.9B | ||
| 852 | |a INST |b SAMOS |e 19970417 |h 030 ΕΚΠ |p 005300009108 |q 005300009108 |t REF |v τ.9A: |y 23 |z τ.9A | ||
| 852 | |a INST |b SAMOS |e 19970417 |h 030 ΕΚΠ |p 005300009109 |q 005300009109 |t REF |v τ.8: |y 23 |z τ.8 | ||
| 852 | |a INST |b SAMOS |e 19970417 |h 030 ΕΚΠ |p 005300009110 |q 005300009110 |t REF |v τ.7: |y 23 |z τ.7 | ||
| 852 | |a INST |b SAMOS |e 19970417 |h 030 ΕΚΠ |p 005300009111 |q 005300009111 |t REF |v τ.6: |y 23 |z τ.6 | ||
| 852 | |a INST |b SAMOS |e 19970417 |h 030 ΕΚΠ |p 005300009112 |q 005300009112 |t REF |v τ.5: |y 23 |z τ.5 | ||
| 852 | |a INST |b SAMOS |e 19970417 |h 030 ΕΚΠ |p 005300009113 |q 005300009113 |t REF |v τ.4: |y 23 |z τ.4 | ||
| 852 | |a INST |b SAMOS |e 19970417 |h 030 ΕΚΠ |p 005300009114 |q 005300009114 |t REF |v τ.3: |y 23 |z τ.3 | ||
| 852 | |a INST |b SAMOS |e 19970417 |h 030 ΕΚΠ |p 005300009115 |q 005300009115 |t REF |v τ.2: |y 23 |z τ.2 | ||
| 852 | |a INST |b SAMOS |e 19970417 |h 030 ΕΚΠ |p 005300009116 |q 005300009116 |t REF |v τ.1: |y 23 |z τ.1 | ||
| 852 | |a INST |b SAMOS |e 20010809 |h 030 ΕΚΠ |p 005300020604 |q 005300020604 |t REF |v τ.28: |y 23 |z τ.28 | ||
| 852 | |a INST |b SAMOS |e 20010809 |h 030 ΕΚΠ |p 005300020605 |q 005300020605 |t REF |v τ.27: |y 23 |z τ.27 | ||
| 852 | |a INST |b SAMOS |e 20010809 |h 030 ΕΚΠ |p 005300020606 |q 005300020606 |t REF |v τ.26: |y 23 |z τ.26 | ||
| 852 | |a INST |b SAMOS |e 20010809 |h 030 ΕΚΠ |p 005300020607 |q 005300020607 |t REF |v τ.25: |y 23 |z τ.25 | ||
| 852 | |a INST |b SAMOS |e 20010809 |h 030 ΕΚΠ |p 005300020608 |q 005300020608 |t REF |v τ.24: |y 23 |z τ.24 | ||
| 852 | |a INST |b SAMOS |e 20010809 |h 030 ΕΚΠ |p 005300020609 |q 005300020609 |t REF |v τ.23: |y 23 |z τ.23 | ||
| 852 | |a INST |b SAMOS |e 20010809 |h 030 ΕΚΠ |p 005300020610 |q 005300020610 |t REF |v τ.22: |y 23 |z τ.22 | ||
| 852 | |a INST |b SAMOS |e 20010809 |h 030 ΕΚΠ |p 005300020611 |q 005300020611 |t REF |v τ.21: |y 23 |z τ.21 | ||
| 852 | |a INST |b SAMOS |e 20010809 |h 030 ΕΚΠ |p 005300020612 |q 005300020612 |t REF |v τ.20: |y 23 |z τ.20 | ||
| 852 | |a INST |b SAMOS |e 20010809 |h 030 ΕΚΠ |p 005300020613 |q 005300020613 |t REF |v τ.19: |y 23 |z τ.19 | ||
| 852 | |a INST |b SAMOS |e 20010809 |h 030 ΕΚΠ |p 005300020614 |q 005300020614 |t REF |v τ.18Β: |y 23 |z τ.18Β | ||
| 852 | |a INST |b SAMOS |e 20010809 |h 030 ΕΚΠ |p 005300020615 |q 005300020615 |t REF |v τ.18Α: |y 23 |z τ.18Α | ||
| 852 | |a INST |b SAMOS |e 20010809 |h 030 ΕΚΠ |p 005300020616 |q 005300020616 |t REF |v τ.17: |y 23 |z τ.17 | ||
| 852 | |a INST |b SAMOS |e 20010809 |h 030 ΕΚΠ |p 005300020617 |q 005300020617 |t REF |v τ.16: |y 23 |z τ.16 | ||
| 852 | |a INST |b SAMOS |e 20010809 |h 030 ΕΚΠ |p 005300020618 |q 005300020618 |t REF |v τ.15: |y 23 |z τ.15 | ||
| 852 | |a INST |b SAMOS |e 20010809 |h 030 ΕΚΠ |p 005300020619 |q 005300020619 |t REF |v τ.14: |y 23 |z τ.14 | ||
| 852 | |a INST |b SAMOS |e 20010809 |h 030 ΕΚΠ |p 005300020620 |q 005300020620 |t REF |v τ.13: |y 23 |z τ.13 | ||
| 852 | |a INST |b SAMOS |e 20010809 |h 030 ΕΚΠ |p 005300020621 |q 005300020621 |t REF |v τ.12: |y 23 |z τ.12 | ||
| 852 | |a INST |b SAMOS |e 20010809 |h 030 ΕΚΠ |p 005300020622 |q 005300020622 |t REF |v τ.11: |y 23 |z τ.11 | ||
| 852 | |a INST |b SAMOS |e 20010809 |h 030 ΕΚΠ |p 005300020623 |q 005300020623 |t REF |v τ.10: |y 23 |z τ.10 | ||
| 852 | |a INST |b SAMOS |e 20010809 |h 030 ΕΚΠ |p 005300020624 |q 005300020624 |t REF |v τ.9Β: |y 23 |z τ.9Β | ||
| 852 | |a INST |b SAMOS |e 20010809 |h 030 ΕΚΠ |p 005300020625 |q 005300020625 |t REF |v τ.9A: |y 23 |z τ.9A | ||
| 852 | |a INST |b SAMOS |e 20010809 |h 030 ΕΚΠ |p 005300020626 |q 005300020626 |t REF |v τ.8: |y 23 |z τ.8 | ||
| 852 | |a INST |b SAMOS |e 20010809 |h 030 ΕΚΠ |p 005300020627 |q 005300020627 |t REF |v τ.7: |y 23 |z τ.7 | ||
| 852 | |a INST |b SAMOS |e 20010809 |h 030 ΕΚΠ |p 005300020628 |q 005300020628 |t REF |v τ.6: |y 23 |z τ.6 | ||
| 852 | |a INST |b SAMOS |e 20010809 |h 030 ΕΚΠ |p 005300020629 |q 005300020629 |t REF |v τ.5: |y 23 |z τ.5 | ||
| 852 | |a INST |b SAMOS |e 20010809 |h 030 ΕΚΠ |p 005300020630 |q 005300020630 |t REF |v τ.4: |y 23 |z τ.4 | ||
| 852 | |a INST |b SAMOS |e 20010809 |h 030 ΕΚΠ |p 005300020631 |q 005300020631 |t REF |v τ.3: |y 23 |z τ.3 | ||
| 852 | |a INST |b SAMOS |e 20010809 |h 030 ΕΚΠ |p 005300020632 |q 005300020632 |t REF |v τ.2: |y 23 |z τ.2 | ||
| 852 | |a INST |b SAMOS |e 20010809 |h 030 ΕΚΠ |p 005300020633 |q 005300020633 |t REF |v τ.1: |y 23 |z τ.1 | ||
| 852 | |a INST |b SYROS |e 20001101 |h 039.89 ΕΚΠ |p 005500002086 |q 005500002086 |t REF |y 23 |z τ.1 | ||
| 852 | |a INST |b SYROS |e 20001101 |h 039.89 ΕΚΠ |p 005500002087 |q 005500002087 |t REF |y 23 |z τ.2 | ||
| 852 | |a INST |b SYROS |e 20001101 |h 039.89 ΕΚΠ |p 005500002088 |q 005500002088 |t REF |y 23 |z τ.3 | ||
| 852 | |a INST |b SYROS |e 20001101 |h 039.89 ΕΚΠ |p 005500002089 |q 005500002089 |t REF |y 23 |z τ.4 | ||
| 852 | |a INST |b SYROS |e 20001101 |h 039.89 ΕΚΠ |p 005500002090 |q 005500002090 |t REF |y 23 |z τ.5 | ||
| 852 | |a INST |b SYROS |e 20001101 |h 039.89 ΕΚΠ |p 005500002091 |q 005500002091 |t REF |y 23 |z τ.6 | ||
| 852 | |a INST |b SYROS |e 20001101 |h 039.89 ΕΚΠ |p 005500002092 |q 005500002092 |t REF |y 23 |z τ.7 | ||
| 852 | |a INST |b SYROS |e 20001101 |h 039.89 ΕΚΠ |p 005500002093 |q 005500002093 |t REF |y 23 |z τ.8 | ||
| 852 | |a INST |b SYROS |e 20001101 |h 039.89 ΕΚΠ |p 005500002094 |q 005500002094 |t REF |y 23 |z τ.9Α | ||
| 852 | |a INST |b SYROS |e 20001101 |h 039.89 ΕΚΠ |p 005500002095 |q 005500002095 |t REF |y 23 |z τ.9Β | ||
| 852 | |a INST |b SYROS |e 20001101 |h 039.89 ΕΚΠ |p 005500002096 |q 005500002096 |t REF |y 23 |z τ.10 | ||
| 852 | |a INST |b SYROS |e 20001101 |h 039.89 ΕΚΠ |p 005500002097 |q 005500002097 |t REF |y 23 |z τ.11 | ||
| 852 | |a INST |b SYROS |e 20001101 |h 039.89 ΕΚΠ |p 005500002098 |q 005500002098 |t REF |y 23 |z τ.12 | ||
| 852 | |a INST |b SYROS |e 20001101 |h 039.89 ΕΚΠ |p 005500002099 |q 005500002099 |t REF |y 23 |z τ.13 | ||
| 852 | |a INST |b SYROS |e 20001101 |h 039.89 ΕΚΠ |p 005500002100 |q 005500002100 |t REF |y 23 |z τ.14 | ||
| 852 | |a INST |b SYROS |e 20001101 |h 039.89 ΕΚΠ |p 005500002101 |q 005500002101 |t REF |y 23 |z τ.15 | ||
| 852 | |a INST |b SYROS |e 20001101 |h 039.89 ΕΚΠ |p 005500002102 |q 005500002102 |t REF |y 23 |z τ.16 | ||
| 852 | |a INST |b SYROS |e 20001101 |h 039.89 ΕΚΠ |p 005500002103 |q 005500002103 |t REF |y 23 |z τ.17 | ||
| 852 | |a INST |b SYROS |e 20001101 |h 039.89 ΕΚΠ |p 005500002104 |q 005500002104 |t REF |y 23 |z τ.18Α | ||
| 852 | |a INST |b SYROS |e 20001101 |h 039.89 ΕΚΠ |p 005500002105 |q 005500002105 |t REF |y 23 |z τ.18Β | ||
| 852 | |a INST |b SYROS |e 20001101 |h 039.89 ΕΚΠ |p 005500002106 |q 005500002106 |t REF |y 23 |z τ.19 | ||
| 852 | |a INST |b SYROS |e 20001101 |h 039.89 ΕΚΠ |p 005500002107 |q 005500002107 |t REF |y 23 |z τ.20 | ||
| 852 | |a INST |b SYROS |e 20001101 |h 039.89 ΕΚΠ |p 005500002108 |q 005500002108 |t REF |y 23 |z τ.21 | ||
| 852 | |a INST |b SYROS |e 20001101 |h 039.89 ΕΚΠ |p 005500002109 |q 005500002109 |t REF |y 23 |z τ.22 | ||
| 852 | |a INST |b SYROS |e 20001101 |h 039.89 ΕΚΠ |p 005500002110 |q 005500002110 |t REF |y 23 |z τ.23 | ||
| 852 | |a INST |b SYROS |e 20001101 |h 039.89 ΕΚΠ |p 005500002111 |q 005500002111 |t REF |y 23 |z τ.24 | ||
| 852 | |a INST |b SYROS |e 20001101 |h 039.89 ΕΚΠ |p 005500002112 |q 005500002112 |t REF |y 23 |z τ.25 | ||
| 852 | |a INST |b SYROS |e 20001101 |h 039.89 ΕΚΠ |p 005500002113 |q 005500002113 |t REF |y 23 |z τ.26 | ||
| 852 | |a INST |b SYROS |e 20001101 |h 039.89 ΕΚΠ |p 005500002114 |q 005500002114 |t REF |y 23 |z τ.27 | ||
| 852 | |a INST |b SYROS |e 20001101 |h 039.89 ΕΚΠ |p 005500002115 |q 005500002115 |t REF |y 23 |z τ.28 | ||
| 852 | |a INST |b SYROS |e 20001101 |h 039.89 ΕΚΠ |p 005500002086 |q 005500002086 |t REF |v τ.1: |y 23 |z τ.1 | ||
| 852 | |a INST |b SYROS |e 20001101 |h 039.89 ΕΚΠ |p 005500002087 |q 005500002087 |t REF |v τ.2: |y 23 |z τ.2 | ||
| 852 | |a INST |b SYROS |e 20001101 |h 039.89 ΕΚΠ |p 005500002088 |q 005500002088 |t REF |v τ.3: |y 23 |z τ.3 | ||
| 852 | |a INST |b SYROS |e 20001101 |h 039.89 ΕΚΠ |p 005500002089 |q 005500002089 |t REF |v τ.4: |y 23 |z τ.4 | ||
| 852 | |a INST |b SYROS |e 20001101 |h 039.89 ΕΚΠ |p 005500002090 |q 005500002090 |t REF |v τ.5: |y 23 |z τ.5 | ||
| 852 | |a INST |b SYROS |e 20001101 |h 039.89 ΕΚΠ |p 005500002091 |q 005500002091 |t REF |v τ.6: |y 23 |z τ.6 | ||
| 852 | |a INST |b SYROS |e 20001101 |h 039.89 ΕΚΠ |p 005500002092 |q 005500002092 |t REF |v τ.7: |y 23 |z τ.7 | ||
| 852 | |a INST |b SYROS |e 20001101 |h 039.89 ΕΚΠ |p 005500002093 |q 005500002093 |t REF |v τ.8: |y 23 |z τ.8 | ||
| 852 | |a INST |b SYROS |e 20001101 |h 039.89 ΕΚΠ |p 005500002094 |q 005500002094 |t REF |v τ.9Α: |y 23 |z τ.9Α | ||
| 852 | |a INST |b SYROS |e 20001101 |h 039.89 ΕΚΠ |p 005500002095 |q 005500002095 |t REF |v τ.9Β: |y 23 |z τ.9Β | ||
| 852 | |a INST |b SYROS |e 20001101 |h 039.89 ΕΚΠ |p 005500002096 |q 005500002096 |t REF |v τ.10: |y 23 |z τ.10 | ||
| 852 | |a INST |b SYROS |e 20001101 |h 039.89 ΕΚΠ |p 005500002097 |q 005500002097 |t REF |v τ.11: |y 23 |z τ.11 | ||
| 852 | |a INST |b SYROS |e 20001101 |h 039.89 ΕΚΠ |p 005500002098 |q 005500002098 |t REF |v τ.12: |y 23 |z τ.12 | ||
| 852 | |a INST |b SYROS |e 20001101 |h 039.89 ΕΚΠ |p 005500002099 |q 005500002099 |t REF |v τ.13: |y 23 |z τ.13 | ||
| 852 | |a INST |b SYROS |e 20001101 |h 039.89 ΕΚΠ |p 005500002100 |q 005500002100 |t REF |v τ.14: |y 23 |z τ.14 | ||
| 852 | |a INST |b SYROS |e 20001101 |h 039.89 ΕΚΠ |p 005500002101 |q 005500002101 |t REF |v τ.15: |y 23 |z τ.15 | ||
| 852 | |a INST |b SYROS |e 20001101 |h 039.89 ΕΚΠ |p 005500002102 |q 005500002102 |t REF |v τ.16: |y 23 |z τ.16 | ||
| 852 | |a INST |b SYROS |e 20001101 |h 039.89 ΕΚΠ |p 005500002103 |q 005500002103 |t REF |v τ.17: |y 23 |z τ.17 | ||
| 852 | |a INST |b SYROS |e 20001101 |h 039.89 ΕΚΠ |p 005500002104 |q 005500002104 |t REF |v τ.18Α: |y 23 |z τ.18Α | ||
| 852 | |a INST |b SYROS |e 20001101 |h 039.89 ΕΚΠ |p 005500002105 |q 005500002105 |t REF |v τ.18Β: |y 23 |z τ.18Β | ||
| 852 | |a INST |b SYROS |e 20001101 |h 039.89 ΕΚΠ |p 005500002106 |q 005500002106 |t REF |v τ.19: |y 23 |z τ.19 | ||
| 852 | |a INST |b SYROS |e 20001101 |h 039.89 ΕΚΠ |p 005500002107 |q 005500002107 |t REF |v τ.20: |y 23 |z τ.20 | ||
| 852 | |a INST |b SYROS |e 20001101 |h 039.89 ΕΚΠ |p 005500002108 |q 005500002108 |t REF |v τ.21: |y 23 |z τ.21 | ||
| 852 | |a INST |b SYROS |e 20001101 |h 039.89 ΕΚΠ |p 005500002109 |q 005500002109 |t REF |v τ.22: |y 23 |z τ.22 | ||
| 852 | |a INST |b SYROS |e 20001101 |h 039.89 ΕΚΠ |p 005500002110 |q 005500002110 |t REF |v τ.23: |y 23 |z τ.23 | ||
| 852 | |a INST |b SYROS |e 20001101 |h 039.89 ΕΚΠ |p 005500002111 |q 005500002111 |t REF |v τ.24: |y 23 |z τ.24 | ||
| 852 | |a INST |b SYROS |e 20001101 |h 039.89 ΕΚΠ |p 005500002112 |q 005500002112 |t REF |v τ.25: |y 23 |z τ.25 | ||
| 852 | |a INST |b SYROS |e 20001101 |h 039.89 ΕΚΠ |p 005500002113 |q 005500002113 |t REF |v τ.26: |y 23 |z τ.26 | ||
| 852 | |a INST |b SYROS |e 20001101 |h 039.89 ΕΚΠ |p 005500002114 |q 005500002114 |t REF |v τ.27: |y 23 |z τ.27 | ||
| 852 | |a INST |b SYROS |e 20001101 |h 039.89 ΕΚΠ |p 005500002115 |q 005500002115 |t REF |v τ.28: |y 23 |z τ.28 | ||
| 853 | |a INST |b CHIOS |h 030 ΕΚΠ | ||
| 853 | |a INST |b LEMNOS |h 709 ΕΚΠ | ||
| 853 | |a INST |b LESVOS |h 039.89 ΕΚΠ | ||
| 853 | |a INST |b RHODES |h 030 ΕΚΠ | ||
| 853 | |a INST |b SAMOS |h 030 ΕΚΠ | ||
| 853 | |a INST |b SYROS |h 039.89 ΕΚΠ | ||
| 901 | |a BIBL2-2005-1 | ||
| 901 | |a BIBL4-2012-1 | ||
| 901 | |a BIBL3-2001-2 | ||
| 901 | |a BIBL5-2000-3 | ||
| 901 | |a BIBL6-2010-1 | ||
| 901 | |a BIBL1-1999-3 | ||
| 901 | |a BIBL1-2010-1 | ||
| 901 | |a BIBL2-2010-2 | ||
| 901 | |a BIBL6-2012-3 | ||
| 920 | |a ΔΙΕΥΡΥΝΣΗ |b ΕΠΕΑΕΚ-ΤΜΟΔ |y Χίος |z 2004-12 | ||
| 920 | |a ΦΟΙΤΗΤΙΚΗ ΜΕΡΙΜΝΑ ΣΥΡΟΥ |y Λήμνος |z 2009-11 | ||
| 920 | |a ΦΟΙΤΗΤΙΚΗ ΜΕΡΙΜΝΑ ΣΥΡΟΥ |y Λέσβος |z 2010-03 | ||
| 922 | |a 3ΕΛΗ |b 200008 |c ΤΠΕΣ/ΠΟΛ-2 |d LEADER | ||
| 922 | |a 5ΕΛΗ |b 200010 |c ΒΙΒΛΙΟΘΗΚΗ |d ΠΑΠΑΣΩΤΗΡΙΟΥ | ||
| 922 | |a 4ΕΛΗ |b 199503 |c ΒΙΒΛΙΟΘΗΚΗ | ||
| 922 | |a 4ΕΛΗ |b 200412 |c ΒΙΒΛΙΟΘΗΚΗ |d ΔΕΝΤΡΟ | ||
| 922 | |a 1ΕΛΗ |b 199910 |c ΚΠΣ/ΛΟΥΤΖΑΚΗ |d EMVASIS | ||
| 922 | |a 1ΕΛΗ |b 199903 |c ΚΠΣ/ΤΓ |d EMVASIS | ||
| 922 | |a 6ΕΛΗ | ||
| 950 | |a 094 | ||
| 950 | |a 085-1999-09-29 | ||
| 950 | |a 118-1998-03-23 | ||
| 970 | |a ΧΟΡΟΖΙΔΟΥ |b ΤΖΕΝΗ |z 1999/11/29 | ||